Complete Physics: (Record no. 184150)
[ view plain ]
| 000 -LEADER | |
|---|---|
| fixed length control field | 00559nam a22001817a 4500 |
| 005 - DATE AND TIME OF LATEST TRANSACTION | |
| control field | 20220113143834.0 |
| 010 ## - LCCN (DPL NO) | |
| LC control number | ENG-131107 |
| 020 ## - INTERNATIONAL STANDARD BOOK NUMBER | |
| International Standard Book Number | 978-93-89811-90-2 |
| Terms of availability | 598.00 |
| 035 ## - SYSTEM CONTROL NUMBER | |
| System control number | EN-114639 |
| 037 ## - SOURCE OF ACQUISITION | |
| Source of stock number/acquisition | DBAD |
| 082 ## - DEWEY DECIMAL CLASSIFICATION NUMBER | |
| Classification number | 530 |
| 100 ## - MAIN ENTRY--PERSONAL NAME | |
| Personal name | Bajaj, N. K. |
| 245 ## - TITLE STATEMENT | |
| Title | Complete Physics: |
| Remainder of title | Jee Main 2021 |
| Statement of responsibility, etc | N. K. Bajaj |
| 260 ## - PUBLICATION, DISTRIBUTION, ETC. (IMPRINT) | |
| Place of publication, distribution, etc | Chennai |
| Name of publisher, distributor, etc | McGraw Hill Education Private Limited |
| Date of publication, distribution, etc | 2021 |
| 270 ## - ADDRESS | |
| City | Chennai |
| Address | Anjana Complex No. 5/90 A, Butt Road, St Thomas Mount |
| Postal code | 600016 |
| 300 ## - PHYSICAL DESCRIPTION | |
| Extent | 1104p. |
| Dimensions | 28cm(pbk) |
| 942 ## - ADDED ENTRY ELEMENTS (KOHA) | |
| Source of classification or shelving scheme | Dewey Decimal Classification |
| Item type | English Books |
| Classification part | 530 |
| Call number suffix | BAJ |
| Withdrawn status | Lost status | Not for loan | Collection code | Home library | Current library | Date acquired | Source of acquisition | Cost, normal purchase price | Full call number | Barcode | Copy number | Cost, replacement price | Koha item type |
|---|---|---|---|---|---|---|---|---|---|---|---|---|---|
| Non-fiction | Patel Nagar | Patel Nagar | 13/01/2022 | DBAD/PUB | 598.00 | 530 BAJ | EN-114639 | 1 | 598.00 | English Books |
